01873cam a22003255a 4500999001700000001000900017005001700026008004100043010001700084015001900101016001800120020001800138020001500156035002400171035002100195040007100216082002100287245004400308260005800352300003300410490001000443500002000453520083200473650003601305651001001341653001801351700002801369942000801397952014201405 c27445d274161516361320190509122232.0080131s2008 enka fr 001 0 eng d a 2008004568 aGBA8474502bnb7 a0145663102Uk a9780199232666 a0199232660 a(OCoLC)ocn191882014 a(OCoLC)191882014 aDLCbengcDLCdUKMdBTCTAdYDXCPdBWKUKdCDXdBAKERdDLCdEG-ScBUE04a616.462bDIA22200aDiabetes /cDavid Matthews ... [et al.] aOxford ;aNew York :bOxford University Press,c2008. axi, 203 p. :bill. ;c20 cm.0 afacts aIncludes index. aThere are over 2 million people diagnosed with diabetes in the UK and worldwide 194 million. An epidemic of diabetes is reported and by 2025 it is predicted that there will be 330 million people with diabetes in the world. Diabetes is likely to present one of this century's greatest medical challenges. However, the impact of diabetes on the individual and their carers is equally important. This book provides an easy to understand guide to diabetes and is aimed at all those living with diabetes. This book gives an overall introduction to diabetes including a short history of diabetes, causes, symptoms, possible complications, management (both of diabetes and the associated risk factors), psychological factors and what care to expect. It emphasises self management and gives invaluable advice on how to achieve this.  7aDiabetesvPopular works.2BUEsh 2BUEsh bNNURcMay20191 aMatthews, David,d1947- 2ddc 00102ddc40708BaccahaMAINbMAINc1STd2019-05-09ePurchaseg103.00h21201l0o616.462 DIAp000044650r2025-07-15 00:00:00v129.00yBB